| 000 | 00738nam a2200217Ia 4500 | ||
|---|---|---|---|
| 005 | 20230726144058.0 | ||
| 008 | 210716s2003 xx 000 0 und d | ||
| 020 | _a9788173714517 | ||
| 040 | _cAIMIT LIBRARY | ||
| 041 | _aeng | ||
| 082 |
_a005.1 _21 _bDATN |
||
| 100 |
_aDatta,N. _9128454 |
||
| 245 |
_aComputer programming and numerical analysis: _bintegrated approach / _cBy N Datta. |
||
| 250 | _a1st ed. | ||
| 260 |
_aNew Delhi : _bUniversities Press , _c2003. |
||
| 300 |
_axi,501p. ; _bPB _c24 cm. |
||
| 650 |
_aExpressions and assignment statements _9128455 |
||
| 650 |
_aFiles and general input/output statements _9128456 |
||
| 650 |
_aSolution of systems of linear equations _9128457 |
||
| 942 |
_2ddc _cBK _e1st ed. _k005.1 DATN |
||
| 999 |
_c186137 _d186137 |
||